| 000 | 00509nam a22001817a 4500 | ||
|---|---|---|---|
| 999 |
_c526838 _d526838 |
||
| 003 | NUST | ||
| 020 | _qHBK | ||
| 038 | _aFaiza | ||
| 082 |
_a891.422 _bSAJ |
||
| 100 |
_aHaider, Sajjad _915033 |
||
| 245 |
_aKala Patan / _cSajjad Haider |
||
| 260 |
_aLahore : _bMaqtaba Mairi Library, _c1986. |
||
| 300 | _a200 p. ; | ||
| 880 |
_6100-01\r _aسجاد حیدر |
||
| 880 |
_6245-02\r _aکالا پتن / |
||
| 880 |
_6260-03\r _aلاہور : _bمکتبہ میری لائبریری, _c۱۹۸۶. |
||
| 942 |
_2ddc _cBK |
||